[Event "Olympiad Women 2024"]
[Site "Budapest HUN"]
[Date "2024.09.13"]
[Round "3.17"]
[Board "4"]
[White "Bensdorp-De Labaca, Marlies"]
[Black "Narva, Triin"]
[Result "1-0"]
[WhiteElo "2241"]
[BlackElo "2066"]
[PlyCount "185"]
[EventDate "2024.09.11"]
[WhiteTeam "Netherlands"]
[BlackTeam "Estonia"]
[WhiteTeamCountry "NED"]
[BlackTeamCountry "EST"]

1. d4 d5 2. c4 dxc4 3. Nf3 a6 4. e3 Bg4 5. Bxc4 e6 6. O-O Nf6 7. b3 Be7 ({RR} 7... c5 8. dxc5 Qxd1 9. Rxd1 Bxc5 10. Bb2 Nc6 11. Nbd2 h6 12. Rac1 Be7 13. Be2 O-O 14. h3 Bh5 15. g4 Bg6 16. Nc4 Rfd8 17. Nfe5 Nxe5 18. Nxe5 Rxd1+ 19. Bxd1 Be4 20. f3 Bh7 21. e4 Ne8 22. Be2 {½-½ Eljanov,P (2678)-Korobov,A (2702) Moscow Aeroflot rapid final 2013 (1.2)}) ({RR} 7... Nc6 8. Bb2 Bd6 9. Be2 O-O 10. Nbd2 Re8 11. Rc1 Bf8 12. Nc4 Rc8 13. Nce5 Nxe5 14. Nxe5 Bxe2 15. Qxe2 c5 16. Rfd1 Qa5 17. Bc3 Qb6 18. Nc4 Qa7 19. dxc5 Qxc5 20. Bxf6 gxf6 21. Qb2 b5 22. Nd6 {1-0 Vela Frago,A (2308)-Khruschiov,A (2291) Titled Tue 11th Jun Late 2024 (1)}) 8. Bb2 O-O 9. Nbd2 Nc6 10. Be2 $146 ({RR} 10. Qc2 Bf5 11. e4 Bg6 12. a3 Qe8 13. Rac1 Bd6 14. Bd3 e5 15. dxe5 Bxe5 16. Nxe5 Nxe5 17. Bxe5 Qxe5 18. f4 Qd4+ 19. Kh1 Rad8 20. Rf3 Bh5 21. Rg3 Ng4 22. h3 Nf2+ 23. Kh2 Nxd3 {0-1 Peltonen,S-Zsiltzova Lisenko,L (2235) IBCA-ol blind 10th 1996 (2.2)}) ({RR} 10. Rc1 Bb4 11. Be2 Qe7 12. Nc4 Rfd8 13. a3 Bd6 14. b4 Qe8 15. Qc2 Bf5 16. Qb3 Be4 17. Nfd2 Bg6 18. Bf3 Bf8 19. Bxc6 Qxc6 20. Ne5 Qb6 21. Ndc4 Qb5 22. Nxg6 hxg6 23. Na5 Bd6 24. h3 Rab8 {0-1 Avram,V (2142)-Zsiltzova Lisenko,L (2276) IBCA World Cup 6th 2010 (6.3)}) 10... Nd5 11. Rc1 Qe8 12. Ne4 b6 13. a3 Bf5 14. Nfd2 Ra7 15. b4 Nb8 16. Re1 Kh8 17. Qb3 Bg6 18. Bf3 Nd7 19. Ng3 N5f6 20. e4 Ng8 21. Nc4 Bg5 22. Rcd1 Ne7 23. d5 Nc8 24. Bg4 b5 25. Na5 Ndb6 26. dxe6 Nd6 27. Nf5 Rg8 28. Nxd6 cxd6 29. Rxd6 Qb8 30. Be5 f6 31. Nc6 Qb7 32. Nxa7 fxe5 33. Nc6 Nc4 34. Qd3 Nxd6 35. Qxd6 Be8 36. Nxe5 h5 37. Bf5 g6 38. Nf7+ Bxf7 39. exf7 Qxf7 40. Be6 Qf6 41. e5 Rd8 42. Qb6 Qf4 43. Bb3 Qd2 44. Rf1 Qd3 45. f4 Rf8 46. Qc5 Kg7 47. Bc2 Qe2 48. g3 h4 49. Rd1 Qg4 50. Qc6 Bxf4 51. Qd7+ Qxd7 52. Rxd7+ Kh6 53. gxf4 Rxf4 54. e6 Rg4+ 55. Kf1 Rg5 56. Rf7 Re5 57. Rf6 Kg5 58. Rxg6+ Kf4 59. Kf2 h3 60. Rf6+ Kg4 61. Bd1+ Kg5 62. Rf3 Rxe6 63. Rxh3 Rd6 64. Be2 Rc6 65. Rg3+ Kh6 66. h4 Rf6+ 67. Ke3 Re6+ 68. Kd3 Rd6+ 69. Kc3 Re6 70. Bg4 Rf6 71. Kd4 Rc6 72. Re3 Rc4+ 73. Kd5 Rxg4 74. Re6+ Kh5 75. Rxa6 Rc4 76. Rc6 Rxh4 77. Kc5 Rh3 78. Ra6 Kg5 79. Kxb5 Kf5 80. a4 Ke5 81. Rc6 Kd5 82. a5 Rh4 83. Rc8 Rh7 84. a6 Rg7 85. Rd8+ Ke6 86. Kb6 Ke7 87. Rd5 Ke6 88. Rd1 Rg4 89. b5 Rg8 90. a7 Ke5 91. Ka6 Ke6 92. b6 Ke7 93. Kb7 1-0

[Event "Olympiad Women 2024"]
[Site "Budapest HUN"]
[Date "2024.09.13"]
[Round "3.18"]
[Board "1"]
[White "Munkhzul, Turmunkh"]
[Black "Cori T., Deysi"]
[Result "1-0"]
[WhiteElo "2256"]
[BlackElo "2366"]
[PlyCount "129"]
[EventDate "2024.09.11"]
[WhiteTeam "Mongolia"]
[BlackTeam "Peru"]
[WhiteTeamCountry "MGL"]
[BlackTeamCountry "PER"]

1. e4 {Postny,Evgeny} g6 2. d4 Bg7 3. Nc3 a6 4. a4 d6 5. Nf3 b6 6. Bc4 e6 7. Bg5 ({RR} 7. O-O Nd7 8. Be3 Ne7 9. Qd2 h6 10. h3 Bb7 11. Rae1 Nf6 12. Bd3 Qd7 13. b4 Rd8 14. b5 a5 15. Nh2 Qc8 16. f3 Nh5 17. Ne2 e5 18. f4 exf4 19. Bxf4 Nxf4 20. Qxf4) 7... Ne7 8. Qd2 h6 9. Be3 Nd7 10. O-O Bb7 11. Rfe1 ({RR} 11. d5 e5 12. Ne1 f5 ({RR} 12... Nf6 13. f3 Bc8 14. Be2 g5 15. Nd3 Nh5 16. g3 Bh3 17. Rf2 Ng6 18. Nb4) 13. exf5 ({RR} 13. f4 exf4 14. Bxf4 g5 15. Be3 Ne5 16. Be2 O-O 17. exf5 Nxf5 18. Bf2 Qe8) 13... Nxf5 ({RR} 13... gxf5 14. f4) 14. Bd3 ({RR} 14. Qd3 O-O 15. Ne4 Nxe3 16. fxe3 Rxf1+ 17. Kxf1 Bc8 18. Nf3 Nf6) 14... O-O ({RR} 14... Nf6 15. f4 e4 16. Nxe4 Nxd5 17. Bf2 Bxb2 18. Rb1 Bg7 19. Nf3) 15. Bxf5 Rxf5 ({RR} 15... gxf5 16. Bxh6 f4 17. Bxg7 Kxg7) 16. Bxh6 Qh4 17. Bxg7 Kxg7 18. f4 ({RR} 18. h3 Rh8 19. f3) 18... Nf6 ({RR} 18... Rxf4 19. Rxf4 ({RR} 19. Nf3 Qh6 20. Rae1) 19... Qxf4 20. Qxf4 exf4 21. Nd3 g5 22. Re1 Rf8 23. h4 gxh4 24. Re7+ Rf7 25. Rxf7+ Kxf7 26. Nxf4) 19. g3 Qh3 20. Ng2 Rh8 ({RR} 20... Ng4 21. Nh4) 21. Ne3 Rfh5 22. fxe5 dxe5 23. Rf2 Bc8 ({RR} 23... Rg5 24. Rg2 c6 25. Rf1 cxd5 26. Rxf6 d4 ({RR} 26... Kxf6 27. Nexd5+) 27. Ned5 Rf5 28. Rxb6) 24. Raf1 Bf5 ({RR} 24... Qxg3+ 25. hxg3 Rh1+ 26. Kg2 R8h2+ 27. Kf3) 25. Qe2 a5 {1-0 Postny,E (2537)-Inarkiev,E (2606) Cappelle op 20th 2004 (2)} ({RR} 25... e4 26. Rg2 ({RR} 26. Qxa6 Qxg3+ 27. hxg3 Rh1+ 28. Kg2 R8h2#))) ({RR} 11. Rad1 Nf6 12. d5 e5 13. h3 Bc8 14. Ne1 g5 15. Nd3 Nh5 16. Nb4 O-O 17. Nxa6 Rxa6 18. Qe2 Nf4 19. Bxf4 exf4 20. Bxa6 f3 21. Qd3 fxg2 22. Kxg2 Ng6 23. Ne2 Ne5 24. Qb5 Bd7 25. Qb3 Ng6 {0-1 Kolimar,K (2332)-Pribelszky,B (2363) SixDays Budapest Jun GM B 2024 (6.4)}) 11... g5 ({RR} 11... Nf6 12. Bf4 g5 13. Bg3 Nh5 14. Rad1 Ng6 15. d5 e5 16. Qe3 Nhf4) 12. h3 c6 $146 ({RR} 12... Ng6 13. Bd3 O-O 14. Ra3 c5 15. d5 exd5 16. exd5 f5 17. Bxg5 hxg5 18. Nxg5 Bh6 19. h4 Nxh4 20. f4 Bxg5 21. fxg5 Ne5 22. Qe3 Qd7 23. Qh3 Nhg6 24. Raa1 c4 25. Bxc4 Nxc4 26. Re6 Nf4 27. Qh6 {0-1 Ravagnani,T (1995)-Khudovekov,S (2036) Giovanni Pico Cup 7th 2014 (5)}) ({RR} 12... Ng6 13. Rad1 Qe7 14. Nh2 c5 15. d5 e5 16. Nf1 Nf6 17. Ng3 Kf8 18. b4 Bc8 19. bxc5 bxc5 20. Qe2 Nh4 21. f3 Ne8 22. Rb1 Bf6 23. Nh5 Ng7 24. Nxf6 Qxf6 25. Rb6 Nh5 26. Bxc5 Nf4 27. Rxd6 {1-0 Majdan,J (2323)-Betkowski,A (2201) Polanica Zdroj op-A 44th 2008 (10)}) 13. Bd3 c5 14. Rad1 O-O 15. Bf1 Nf6 16. Bd3 c4 17. Bxc4 Nxe4 18. Nxe4 Bxe4 19. Qe2 Qd7 20. b3 Rfc8 21. Bd3 Bxd3 22. Rxd3 b5 23. Ra1 Qc6 24. c3 bxa4 25. Rxa4 Rcb8 26. Ra3 Rb5 27. c4 Rb7 28. Qa2 Nf5 29. Qe2 d5 30. c5 Rb4 31. g4 Nxe3 32. Qxe3 Qb5 33. Rc3 Rc8 34. Ne5 Qb8 35. Nf3 Rc6 36. Rd3 Qb5 37. Ne1 Qb7 38. Nc2 Rb5 39. b4 Qc7 40. Qd2 Bf6 41. Rf3 Bg7 42. Kg2 Rb8 43. Qe2 Qc8 44. Ra5 Qb7 45. Rfa3 e5 46. Rxa6 exd4 47. Ra7 Qc8 48. Qe7 Qe6 49. Qxe6 fxe6 50. Rd7 Bf6 51. Kf1 Rcc8 52. Rd6 Re8 53. Ke2 Be5 54. Rc6 Bg7 55. Ra7 Kf8 56. Rcc7 Be5 57. Rd7 Ra8 58. b5 Rab8 59. Rdb7 Rbc8 60. c6 Kg8 61. Re7 Bb8 62. Rxe8+ Rxe8 63. Ra8 Kf7 64. Rxb8 Rxb8 65. c7 1-0

[Event "Olympiad Women 2024"]
[Site "Budapest HUN"]
[Date "2024.09.13"]
[Round "3.70"]
[White "Aliaga Fernandez, Ingrid Y"]
[Black "Munguntuul, Batkhuyag"]
[Result "1/2-1/2"]
[WhiteElo "2111"]
[BlackElo "2346"]
[PlyCount "103"]
[EventDate "2024.09.11"]
[WhiteTeam "Peru"]
[BlackTeam "Mongolia"]
[WhiteTeamCountry "PER"]
[BlackTeamCountry "MGL"]

1. e4 c5 2. Nf3 e6 3. d4 cxd4 4. Nxd4 Nc6 5. Nc3 d6 6. Be2 Nf6 7. Be3 Be7 8. O-O O-O 9. f4 e5 10. Nb3 exf4 11. Bxf4 Be6 12. Kh1 d5 13. exd5 Nxd5 14. Nxd5 Bxd5 15. Bf3 Bc4 16. Re1 Bf6 17. Qxd8 Raxd8 18. c3 g5 19. Bg3 $146 ({RR} 19. Be3 Bd5 20. Bc5 Bxf3 21. Bxf8 Bxg2+ 22. Kxg2 Kxf8 23. Rad1 b6 24. Rxd8+ Bxd8 25. Rd1 Ke7 26. Nd4 Nxd4 27. Rxd4 Bc7 28. h3 f5 29. Rd5 {½-½ Huels,M (2036)-Wendt,J (2277) Berlin op 05 2006 (2)}) 19... Bd5 20. Rad1 Bxf3 21. gxf3 b6 22. Kg2 Kg7 23. Nd2 h5 24. Nc4 h4 25. Bf2 Kg6 26. a4 Kh5 27. h3 Ne7 28. Bd4 Nd5 29. Bxf6 Nxf6 30. Ne3 Kg6 31. Kf2 Rfe8 32. c4 a5 33. b3 Rd7 34. Rg1 Red8 35. Rxd7 Rxd7 36. f4 Ne4+ 37. Kf3 Ng3 38. Nd5 Rd6 39. fxg5 Kxg5 40. Re1 Nh5 41. Rg1+ Ng3 42. Re1 Nh5 43. Re7 Nf6 44. Re5+ Kh6 45. Nxf6 Rxf6+ 46. Kg4 Rd6 47. Rb5 Rd4+ 48. Kf3 Rd6 49. Kg4 Rd4+ 50. Kf3 Rd6 51. Kg4 Rd4+ 52. Kf3 1/2-1/2

[Event "Olympiad Women 2024"]
[Site "Budapest HUN"]
[Date "2024.09.13"]
[Round "3.18"]
[Board "3"]
[White "Khuslen, Erdenebayar"]
[Black "Contreras Huaman, Fiorella"]
[Result "0-1"]
[WhiteElo "2229"]
[BlackElo "2168"]
[PlyCount "118"]
[EventDate "2024.09.11"]
[WhiteTeam "Mongolia"]
[BlackTeam "Peru"]
[WhiteTeamCountry "MGL"]
[BlackTeamCountry "PER"]

1. d4 d5 2. c4 c6 3. Nc3 Nf6 4. Nf3 a6 5. c5 Nbd7 6. Bf4 g6 7. h3 Bg7 8. e3 O-O 9. Be2 Ne4 10. O-O Nxc3 ({RR} 10... e5 11. Bh2 exd4 12. exd4 Nxc3 13. bxc3 Nf6 14. Bd3 Bh6 15. Ne5 Nh5 16. Be2 Nf6 17. Qc2 Re8 18. Bd3 Nh5 19. f4 Bg7 20. f5 Bxe5 21. Bxe5 Qg5 22. Rf3 f6 23. Bd6 Kg7 24. Raf1 Re3 25. h4 {1-0 Cuenca Jimenez,J (2472)-Beretta,G (2083) 22nd Spilimbergo Open 2024 (8.22)}) 11. bxc3 e5 12. Bh2 e4 $146 ({RR} 12... Re8 13. Qb3 f5 14. Bxe5 Bxe5 15. Nxe5 Nxe5 16. dxe5 Rxe5 17. c4 f4 18. cxd5 cxd5 19. Bf3 fxe3 20. fxe3 Rb8 21. c6 Be6 22. cxb7 Qd7 23. Rab1 d4 24. Qb6 dxe3 25. Rbd1 Bd5 26. Rxd5 Rxd5 27. Qb3 {1-0 Ostrovskiy,A (2308)-Aaron,D (2228) New York State-ch 133rd 2011 (6)}) ({RR} 12... Re8 13. Rb1 a5 14. Rb2 exd4 15. exd4 Nf6 16. Bd3 Ne4 17. Qc1 Bf5 18. Bxe4 dxe4 19. Ne5 Qe7 20. Nc4 Red8 21. Nd6 b5 22. cxb6 Rxd6 23. b7 Rb8 24. Qf4 Bf8 25. Qxd6 Qxd6 26. Bxd6 Bxd6 27. Rb6 {0-1 Sarana,A (2640)-Le,T (2514) Levitov Christmas Online Q5 blitz 2020}) 13. Nd2 f5 14. c4 Rf7 15. cxd5 cxd5 16. Qb3 Nb8 17. Nb1 Nc6 18. Nc3 Be6 19. Rab1 Qd7 20. Na4 Rd8 21. Nb6 Qe8 22. Bf4 h6 23. Bd1 Bf8 24. Qa3 g5 25. Bh2 Rg7 26. Ba4 f4 27. Bxc6 bxc6 28. exf4 gxf4 29. Bxf4 Qg6 30. Qg3 Qh5 31. Qh2 Qxh3 32. Qxh3 Bxh3 33. Bg3 Bf5 34. Rb3 Be7 35. Be5 Rg6 36. Ra3 Bg4 37. Re1 Kf7 38. Rxa6 h5 39. Kh2 Bf6 40. Ra7+ Ke6 41. Bxf6 Kxf6 42. Rc7 Kg5 43. a4 Rf8 44. Kg1 Rgf6 45. Rf1 Be2 46. Ra1 Rxf2 47. Ra3 h4 48. Rc8 Rf1+ 49. Kh2 Rxc8 50. Nxc8 Ba6 51. Na7 Rf6 52. Kg1 Kf4 53. Kf2 Bd3 54. g3+ Kg4+ 55. Ke3 h3 56. Ra1 h2 57. Nxc6 Bf1 58. Ne5+ Kxg3 59. c6 h1=Q 0-1

[Event "Olympiad Women 2024"]
[Site "Budapest HUN"]
[Date "2024.09.13"]
[Round "3.18"]
[Board "4"]
[White "Hilario, Aleyla"]
[Black "Mungunzul, Bat-Erdene"]
[Result "0-1"]
[WhiteElo "1993"]
[BlackElo "2224"]
[PlyCount "98"]
[EventDate "2024.09.11"]
[WhiteTeam "Peru"]
[BlackTeam "Mongolia"]
[WhiteTeamCountry "PER"]
[BlackTeamCountry "MGL"]

1. d4 {Krasenkow,Michal} d5 2. c4 c6 3. Nf3 Nf6 4. Qb3 dxc4 5. Qxc4 Bg4 6. Nc3 Nbd7 7. e4 Bxf3 8. gxf3 e5 9. Be3 ({RR} 9. dxe5 Nxe5 10. Qe2 Bc5 11. Bd2 Nh5 12. f4 Qxd2+ 13. Kxd2 Nxf4 14. Qd1 O-O-O+ 15. Nd5 Nxd5 16. Kc1 Nf4 17. Qc2 Bxf2) 9... Nb6 ({RR} 9... exd4 10. Bxd4 Bd6 11. O-O-O Qc7 ({RR} 11... Qe7 12. Kb1 ({RR} 12. Bh3 Ne5 13. Qb3 Nxf3 14. Bxf6 Qxf6 15. Bd7+ Kf8 16. Qxb7 Rb8 17. Qxc6 Nd4) 12... O-O 13. h4 Rfd8 14. h5 h6 15. Qe2 Be5 16. Qe3 Bxd4 17. Rxd4 Nc5 18. Rxd8+ Rxd8 19. Be2 b6 20. Rg1) 12. Ne2 ({RR} 12. h4 O-O 13. Ne2 Rad8 14. Qc2 Nh5 15. Bh3 Ndf6 16. Qc3 c5 17. Be3 Be5 18. Qc2 Nf4) ({RR} 12. Be3 O-O 13. Ne2 Ne5 14. Qd4 Rfd8 15. Bg2 Ng6 16. h4 Be5) ({RR} 12. Bh3 b5 ({RR} 12... O-O) 13. Qd3 Ne5 14. Qc2 Nxf3 15. Bxf6 gxf6 16. Qd3 Bf4+ 17. Kb1 Ne5 18. Qc2 Nc4 19. Bf1 O-O 20. Bxc4 bxc4 21. Ne2) ({RR} 12. Kb1 O-O 13. h4 Nh5 ({RR} 13... Rfd8) 14. Bxg7 Nxg7 15. Qd4 Be5 16. Qxd7 Qb6 17. Qd2 Rad8 18. Bd3 Ne6) ({RR} 12. Rg1 O-O 13. Bh3 Bf4+ ({RR} 13... Ne5 14. Qf1 Nh5 15. Bf5 Ng6 16. Kb1 Rfd8 17. Qc4 Be5) 14. Kb1 Ne5 15. Qf1 ({RR} 15. Qe2 Rad8 16. Bf5 g6) 15... c5 ({RR} 15... Rfd8 16. Ne2 Bxh2 17. Rg2 Ng6) 16. Qg2 g6 17. Be3 Nc4 18. Bxf4 Qxf4 19. Qg3 ({RR} 19. Qg5 Qxf3 20. Qxc5 Qxh3 21. Qxc4) 19... Nh5 20. Qg5 Qxh2 21. Qxh5 Qxf2 22. Na4 Nd2+ 23. Ka1 Nxf3) 12... O-O ({RR} 12... Ne5 13. Qc3 Ng6 ({RR} 13... c5 14. Be3 Nxf3 15. Rxd6 Qxd6 16. Bf4) 14. h4 Nh5 15. Rg1 O-O-O 16. Rg5 Ngf4 17. Ng3 Nxg3 18. fxg3 f6 19. Ra5 b6 20. Ra4) 13. Qc2 Rfe8 ({RR} 13... b5 14. Kb1 Rfe8 15. Bh3 c5 16. Be3 Nb6 17. Bg5 Be5 18. Bc1 Nh5 19. Rhg1 Nc4 20. b3 Rab8 21. Rg5 g6 22. f4 Nxf4 23. Rxe5) ({RR} 13... c5 14. Be3 Rfe8 15. Bg2 c4 16. Kb1 Rad8 17. f4 Ng4 18. e5 Bf8 19. Bd4) ({RR} 13... Nh5 14. Be3 ({RR} 14. Kb1 Rad8 15. Be3 Rfe8 16. Qc1 Nf8 17. Ng3 Nf6 18. Nf5 Ne6 19. Bc4 Be5 20. Rxd8 Rxd8 21. Rg1 g6 22. Nh6+ Kg7 23. Nxf7 Qxf7 24. f4) 14... Ndf6 15. Kb1 Rad8 16. Qc1 Rfe8 17. Bg2 a5 18. Rd3 g6 19. h3 Bf8 20. Rxd8 Qxd8 21. Qc2 Qc7 22. f4) ({RR} 13... Rad8 14. Kb1 Rfe8 15. Bh3 Nh5 16. Ng3 Ndf6 17. Bg4 Be5 18. Bxe5 Qxe5 19. Bxh5 Nxh5 20. Qb3 g6) 14. h4 Nh5 15. Bh3 Rad8 16. Kb1 Nf8 17. Be3 Be5 18. Rdg1 ({RR} 18. Bg4 Nf4 19. h5 Nxe2 20. Qxe2 h6 21. Rxd8 Rxd8 22. Rd1 Rxd1+ 23. Qxd1 c5 24. Qc1 Bd6 25. Qc4 ({RR} 25. f4 Qc6) 25... Nh7 26. f4 Bxf4 27. Qxc5 Qxc5 28. Bxc5 Nf6 29. Bf3 b6 30. Bd4 Nd7) 18... Nf4 ({RR} 18... Ng6 19. Bg4 Nhf4 20. h5 Nxe2 21. Qxe2 Nf4) 19. Nxf4 Bxf4 20. h5 Qe5 ({RR} 20... Ne6) 21. Bf5 Rd6 ({RR} 21... Ne6 22. Rg4 Bxe3 23. fxe3 Qc5 24. Qb3 Re7 25. f4) 22. Rg4 Bxe3 23. fxe3 Red8 24. f4 {1-0 Mamedyarov,S (2746)-Inarkiev,E (2692) EU-Cup 27th Rogaska Slatina 2011 (6)}) ({RR} 9... Qa5 10. O-O-O exd4 11. Bxd4 Bd6 12. Bh3 Bf4+ 13. Kb1 Ne5 14. Qf1 c5 15. Be3 Bxe3 16. fxe3 c4 17. Qg2 O-O 18. Rhg1 Ne8 19. Qg5) ({RR} 9... Bd6 10. O-O-O O-O ({RR} 10... Qc7 11. dxe5 Bxe5 12. Ne2 Nh5 13. Kb1 Nb6 14. Qb4 Nf4 15. a4 Nxe2 16. Bxe2 Bf6 17. f4) 11. dxe5 Bxe5 12. Ne2 Qe7 13. f4 Bc7 14. Bg2) ({RR} 9... Bd6 10. O-O-O O-O 11. Be2 Qe7 12. Rhg1 b5 13. Qd3 Kh8 14. d5 b4 15. dxc6 bxc3 16. Qxd6 Qd8 17. cxd7 Qa5 18. b3 Qxa2 19. Rdf1 Qb2+ 20. Kd1 c2+ 21. Ke1 Qc3+ 22. Bd2 c1=Q+ 23. Bd1 Qxd1+ 24. Kxd1 {0-1 Luong Phuong Hanh (2163)-Korchmar,V (2438) Titled Tue 8th Aug Early 2023 (2)}) 10. Qd3 exd4 11. Bxd4 Nh5 $146 ({RR} 11... Be7 12. Rg1 g6 13. Qe3 Qc7 14. f4 Nbd7 15. O-O-O Rg8 16. Kb1 a6 17. Bh3 Rd8 18. e5 Nh5 19. f5 Qa5 20. f6 Bf8 21. Bxd7+ Rxd7 22. Bb6 Qb4 23. Rxd7 {1-0 Papin,V (2569)-Baraeva,I (2176) Yuzhny FO-ch op 2011 (5)}) ({RR} 11... Be7 12. Rg1 O-O 13. O-O-O Qc7 14. Qe3 g6 15. Qh6 Rfd8 16. Be2 Bd6 17. Qh4 Bf4+ 18. Kc2 Rxd4 19. Rxd4 Bxh2 20. Rh1 Be5 21. Rdd1 Nh5 22. f4 Nxf4 23. Qxh7+ Kf8 24. Qh6+ Bg7 25. Qg5 Ne6 26. Qe3 {1-0 Kopylov,M (2458)-Kuhn,G (2115) Bargteheide op 2014 (4)}) 12. O-O-O Nf4 13. Qe3 Qc7 14. Ne2 Ne6 15. Bh3 Nxd4 16. Nxd4 g6 17. Kb1 Bg7 18. f4 O-O 19. e5 Nd5 20. Qg3 Bh6 21. Ne2 Rfe8 22. Qh4 Bg7 23. Bg2 Nb6 24. Nc3 Qe7 25. Qg3 f6 26. Rhe1 Rad8 27. Rxd8 Rxd8 28. Qe3 Nc4 29. exf6 Qxf6 30. Qe6+ Qxe6 31. Rxe6 Rd2 32. Bf1 Nxb2 33. Re2 Rxe2 34. Nxe2 Nd3 35. f3 Ne1 36. Ng3 Nxf3 37. h3 Nd2+ 38. Kc2 Nxf1 39. Nxf1 Bh6 40. f5 Bf4 41. fxg6 hxg6 42. Kd3 Kf7 43. Ke4 g5 44. Kf5 c5 45. Ke4 b5 46. h4 Kg6 47. hxg5 Kxg5 48. Kd3 Kf5 49. a4 bxa4 0-1

[Event "Olympiad Women 2024"]
[Site "Budapest HUN"]
[Date "2024.09.13"]
[Round "3.19"]
[Board "1"]
[White "Cvitan, Ena"]
[Black "Injac, Teodora"]
[Result "0-1"]
[WhiteElo "2259"]
[BlackElo "2425"]
[PlyCount "96"]
[EventDate "2024.09.11"]
[WhiteTeam "Croatia"]
[BlackTeam "Serbia"]
[WhiteTeamCountry "CRO"]
[BlackTeamCountry "SRB"]

1. d4 Nf6 2. c4 e6 3. Nc3 d5 4. cxd5 exd5 5. Bg5 c6 6. Qc2 Be6 7. e3 Nbd7 8. Bd3 h6 9. Bh4 g5 10. Bg3 Nh5 11. Nge2 Nxg3 12. Nxg3 h5 13. O-O-O h4 14. Nge2 Qe7 $146 ({RR} 14... Qf6 15. e4 Nb6 16. exd5 Nxd5 17. Be4 O-O-O 18. Nxd5 Bxd5 19. Bxd5 Rxd5 20. Qa4 Qf5 21. Nc3 Rd7 22. Qxa7 g4 23. Rd2 Kc7 24. Rc2 Bh6+ 25. Kb1 Re8 26. Rd1 Red8 27. a3 Bg7 28. a4 Qf4 29. Nb5+ {1-0 Ebrahimi Herab,H (2333)-Taspinar,Y (2311) 10th Cesme Open A 2024 (9.5)}) ({RR} 14... Bg7 15. f4 Nb6 16. f5 Bd7 17. Rhf1 Qc7 18. h3 O-O-O 19. Kb1 Rhe8 20. e4 dxe4 21. Nxe4 Nd5 22. Nxg5 Ne3 23. Qb3 Nxd1 24. Qxd1 Rf8 25. Qb3 Be8 26. f6 Bh6 27. Nf3 Bd7 28. Nxh4 Bg5 29. g3 {0-1 Mikrut,D (2317)-Farkas,G (2279) ECo-C TCh-SVK 2023-24 (7.5)}) 15. Kb1 Nb6 16. Rc1 O-O-O 17. Na4 Nxa4 18. Qxa4 Kb8 19. Rc3 Qf6 20. f4 Bd6 21. Rf1 Rhe8 22. Qd1 Bc8 23. Bc2 Bg4 24. h3 Bxe2 25. Qxe2 gxf4 26. Qf2 Re7 27. exf4 Rde8 28. Rd1 Re2 29. Qf3 Bc7 30. g3 Bb6 31. Rcd3 R2e4 32. gxh4 Bxd4 33. Rb3 Rxf4 34. Qg3 Be5 35. Qg5 Rxh4 36. Qxf6 Bxf6 37. Rf1 Bd4 38. Bf5 Re7 39. a4 Bb6 40. Bg4 Bd4 41. Rd3 Be5 42. b4 Kc7 43. Kc2 Kd6 44. Rdf3 f6 45. Rd3 Rg7 46. Rdf3 b6 47. Rd1 Rgxg4 48. hxg4 Rxg4 0-1

[Event "Olympiad Women 2024"]
[Site "Budapest HUN"]
[Date "2024.09.13"]
[Round "3.19"]
[Board "2"]
[White "Gajcin, Marina"]
[Black "Medic, Mirjana"]
[Result "1/2-1/2"]
[WhiteElo "2253"]
[BlackElo "2101"]
[PlyCount "107"]
[EventDate "2024.09.11"]
[WhiteTeam "Serbia"]
[BlackTeam "Croatia"]
[WhiteTeamCountry "SRB"]
[BlackTeamCountry "CRO"]

1. e4 e6 2. d4 d5 3. Nc3 Nf6 4. e5 Nfd7 5. f4 c5 6. Nf3 Nc6 7. Be3 a6 8. Ne2 b5 9. a3 ({RR} 9. c3 b4 10. cxb4 cxd4 11. Nexd4 Bxb4+ 12. Kf2 Bb7 13. Rc1 Na5 14. Qa4 Be7 15. f5 O-O 16. fxe6 Nc5 17. exf7+ Rxf7 18. Rxc5 Bxc5 19. e6 Rf8 20. h4 Rc8 21. e7 Bxe7 22. Ne6 Qe8 23. Qxa5 Rc2+ {1-0 Durarbayli,V (2627)-Duda,J (2732) Titled Tue 12th Dec Late 2023 (7)}) 9... Qb6 10. c3 Bb7 $146 ({RR} 10... a5 11. f5 cxd4 12. Nexd4 Nxd4 13. cxd4 b4 14. fxe6 fxe6 15. a4 b3 16. Be2 Bb4+ 17. Bd2 Ba6 18. O-O O-O 19. Be3 Rac8 20. Bd3 Bc4 21. Bxh7+ Kxh7 22. Ng5+ Kg8 23. Qh5 Bd3 24. Rf7 Nxe5 25. Raf1 {0-1 Rodchenkov,S (2346)-Buchenau,F (2263) Titled Tuesday intern op 17th May Early blitz 2022 (7)}) ({RR} 10... a5 11. dxc5 Bxc5 12. Ned4 Ba6 13. b4 axb4 14. axb4 Nxd4 15. Nxd4 Bxd4 16. Bxd4 Qc6 17. Bd3 O-O 18. O-O f6 19. Qh5 f5 20. Ra5 Nb6 21. g4 Na4 22. gxf5 exf5 23. Qf3 Nxc3 24. Rfa1 Ne4 25. Qe2 {0-1 To,N (2323)-Asish Panda (1911) Titled Tue 2nd Jul Late 2024 (10)}) 11. dxc5 Bxc5 12. Ned4 Nxd4 13. cxd4 Be7 14. Bd3 b4 15. f5 f6 16. O-O O-O 17. exf6 Nxf6 18. Ne5 exf5 19. Bxf5 Bc8 20. Bd3 a5 21. Kh1 Ba6 22. Bg5 Bxd3 23. Qxd3 bxa3 24. bxa3 Qd6 25. Bxf6 Bxf6 26. Nf3 a4 27. Rac1 Rac8 28. Rxc8 Rxc8 29. Re1 g6 30. Qb5 Qc6 31. Qe2 Kg7 32. h3 Qd6 33. Qb5 Qc6 34. Qb4 Rc7 35. Qb8 Qb7 36. Qe8 Qc6 37. Qb8 Qb7 38. Qe8 Qc6 39. Qe3 Re7 40. Ne5 Qc2 41. Rf1 Qc8 42. Qf4 Qe6 43. Ng4 Rf7 44. Qh6+ Kg8 45. Qd2 Bg5 46. Qd1 Rxf1+ 47. Qxf1 Kg7 48. Ne5 Bf6 49. Qb5 Bxe5 50. dxe5 Qxe5 51. Qxa4 Qe1+ 52. Kh2 Qe5+ 53. Kh1 Qe1+ 54. Kh2 1/2-1/2

[Event "Olympiad Women 2024"]
[Site "Budapest HUN"]
[Date "2024.09.13"]
[Round "3.19"]
[Board "3"]
[White "Ivekovic, Tihana"]
[Black "Velikic, Adela"]
[Result "0-1"]
[WhiteElo "2143"]
[BlackElo "2260"]
[PlyCount "66"]
[EventDate "2024.09.11"]
[WhiteTeam "Croatia"]
[BlackTeam "Serbia"]
[WhiteTeamCountry "CRO"]
[BlackTeamCountry "SRB"]

1. d4 d5 2. c4 c6 3. cxd5 cxd5 4. Bf4 Nc6 5. Nc3 e5 6. dxe5 d4 7. Nb1 ({RR} 7. Ne4 Qa5+ 8. Nd2 Nge7 9. Ngf3 Ng6 10. g3 Bg4 11. Bg2 Bxf3 12. Bxf3 Ngxe5 13. O-O Rd8 14. Bxe5 Nxe5 15. Bxb7 Be7 16. Nf3 O-O 17. Nxe5 Qxe5 18. Ba6 Rb8 19. Qc2 g6 20. Rac1 Bg5 21. Rcd1 Bf6 {1-0 Le,Q (2712)-Dreev,A (2668) Wch Blitz 7th 2013 (14)}) 7... Nge7 ({RR} 7... Qa5+ 8. Bd2 Bb4 9. Nf3 Nxe5 10. Nxe5 Bxd2+ 11. Nxd2 Qxe5 12. Nf3 Qa5+ 13. Qd2 Qxd2+ 14. Kxd2 Nf6 15. Nxd4 O-O 16. f3 Rd8 17. e3 Nd5 18. Rd1 Bd7 19. Bc4 Nb6 20. Bb3 Rac8 21. Rc1 Kf8 22. Rxc8 {½-½ Buscar,M (2041)-Saya,E (2275) Titled Tue 10th Oct Early 2023 (5)}) 8. Nf3 Nd5 9. e3 $146 ({RR} 9. Bc1 Bf5 10. Qa4 Bb4+ 11. Bd2 O-O 12. g3 Bxb1 13. Rxb1 Nc3 14. bxc3 dxc3 15. Rxb4 cxd2+ 16. Nxd2 Nxb4 17. Qxb4 Rc8 18. Nb3 Qd5 19. f3 Rfd8 20. Qe4 Qxe4 21. fxe4 Rc2 22. Bh3 Rxa2 23. O-O Rxe2 {½-½ Ortega Serra,M (2235)-Alarcon Casellas,R (2397) Sabadell op-A 9th 2016 (5)}) ({RR} 9. Bd2 Bc5 10. g3 O-O 11. Bg2 Re8 12. O-O Nxe5 13. Qb3 Nf6 14. Bg5 Nc6 15. Nbd2 h6 16. Bxf6 Qxf6 17. Rfe1 Rb8 18. Rac1 Be6 19. Qb5 Bb4 20. a3 a6 21. Qa4 Bf8 {½-½ Jeske,E (2185)-Baum,B (2191) Schleswig Holstein-ch Seniors op 10th 2016 (4)}) 9... Bb4+ 10. Nbd2 Bg4 11. a3 Bxf3 12. gxf3 dxe3 13. Bxe3 Nxe3 14. fxe3 Qh4+ 15. Ke2 Bxd2 16. Qxd2 O-O 17. Qe1 Qh5 18. Qg3 Rfe8 19. Rg1 g6 20. Bh3 Rxe5 21. Rac1 Qh6 22. f4 Rb5 23. Rc2 Rb3 24. Kf2 Qg7 25. Rgc1 Re8 26. Bg2 Rbxe3 27. Qxe3 Rxe3 28. Kxe3 Qd4+ 29. Kf3 Kg7 30. Bf1 Qd5+ 31. Kg3 Qb3+ 32. Kg2 Qe3 33. Rd1 Qe4+ 0-1